000 00665cam a2200241 4500
001 20683
003 BD-RjUL
005 20211209000609.0
008 140302s1961 enk 000 0 eng
035 _a(BD-RjUL)20745
040 _aDLC
_cDLC
_dDLC
_dBD-RjUL
_beng
041 _aeng
082 0 0 _a822.914
_bDEL 1961
100 1 _aDelaney, Shelagh,
_d1939-2011.
_963828
245 1 4 _aThe lion in love :
_ba play /
_cShelagh Delaney.
260 _aLondon :
_bMethuen,
_cc1961.
300 _a104 p. ;
_c20 cm.
490 0 _aIn Methuen's modern plays
650 0 _aEnglish drama.
_963829
942 _2ddc
_cBK
999 _c20683
_d20683